Sports Quiz

Random Sports or Football Quiz

Old Pro Sports Logos Quiz Stats

 Plays Quiz not verified by Sporcle

Score 0/45 Timer 08:00
0 Plays Today
Box # Team Name % Correct
8Indiana Pacers
87.8%
5Minnesota Timberwolves
83.7%
26Buffalo Bills
82.9%
7Baltimore Orioles
81.6%
9Chicago Cubs
81.6%
28Milwaukee Bucks
81.2%
44New England Patriots
80.9%
23Denver Broncos
80.4%
43Toronto Blue Jays
79.9%
20San Jose Sharks
79.4%
27Philadelphia Eagles
79.3%
32San Francisco/Golden State Warriors
79.1%
18Chicago Blackhawks
78.6%
13Los Angeles Angels
77.9%
15Seattle Supersonics
77.8%
34Atlanta Hawks
77.4%
36Detroit Lions
77.3%
25Los Angeles Kings
76.5%
6Washington Wizards
75.7%
37Houston Astros
73.9%
14Baltimore Colts
73.8%
16Tampa Bay Buccaneers
73.3%
10Phoenix Coyotes
73%
Box # Team Name % Correct
33Washington Redskins
72.1%
21Green Bay Packers
71.8%
1Atlanta Braves
64.7%
31Dallas Mavericks
64.7%
2Cleveland Browns
63.4%
45Pittsburgh Steelers
59.5%
24Kansas City Chiefs
58.6%
29Brooklyn/Los Angeles Dodgers
56.1%
17San Diego Padres
51.5%
22Boston Celtics
50.4%
11New York Islanders
48.9%
30Florida Panthers
46.4%
38Denver Nuggets
46.4%
4Cleveland Cavaliers
46%
12Atlanta Falcons
44%
39Ottawa Senators
41.7%
41Buffalo Sabres
37.1%
3Milwaukee Brewers
36.3%
35Cincinnati Reds
30.8%
19San Francisco 49ers
28.1%
40Los Angeles Galaxy
25.4%
42Calgary Flames
18.9%

You're not logged in!

Compare scores with friends on all Sporcle quizzes.
OR
Log In

Show Comments

Extras

Top Quizzes Today


Score Distribution

Your Account Isn't Verified!

In order to create a playlist on Sporcle, you need to verify the email address you used during registration. Go to your Sporcle Settings to finish the process.

Report this User

Report this user for behavior that violates our Community Guidelines.

Details: